书目信息

书名: 猪的人工授精法 
作者: 高忠英
出版信息: 沈阳   辽宁人民出版社  1960.04
开本页数: 19cm  46页
丛书名:
单 册:
中图分类: S828
科图分类:
主题词: 家畜
电子资源:
ISBN:
000 00519nam0 2200193 450
001 0678274328
005 20060220214604.51
010    @dCNY0.12
100    @a20060220d1960 km y0chiy0120 ea
101 @achi
102    @aCN@b210000
200 @a猪的人工授精法@Azhu de ren gong shou jing fa@f高忠英编@Fgao zhong ying bian
210    @a沈阳@c辽宁人民出版社@d1960.04
215    @a46页@d19cm
606 @a家畜
690    @aS828@v3
701  0 @a高忠英@Agao zhong ying@4编
801  0 @aCN@bNISOFT@c20060220
905    @dS828@e102
    
    猪的人工授精法/高忠英编.-沈阳:辽宁人民出版社,1960.04
    46页;19cm
    
    
    ISBN :CNY0.12
    
相关链接 在五车中查询图书 在当当中查询图书 在豆瓣中查询图书


正题名:猪的人工授精法     索取号:S828/102         预约/预借

序号 登录号 条形码 馆藏地/架位号 状态 备注
1 3670   200036709   海科密-1楼/51架14列2层/ [索取号:S828/102] 在馆